LEADER 04096nam 22005052 450 001 9910493697803321 005 20210108031825.0 010 $a1-78330-105-8 035 $a(CKB)3710000000820199 035 $a(UkCbUP)CR9781783301508 035 $a(MiAaPQ)EBC4635746 035 $a(EXLCZ)993710000000820199 100 $a20180514d2016|||| uy| 0 101 0 $aeng 135 $aur||||||||||| 181 $ctxt$2rdacontent 182 $cc$2rdamedia 183 $acr$2rdacarrier 200 00$aCritical literacy for information professionals /$fedited by Sarah McNicol$b[electronic resource] 210 1$aLondon :$cFacet,$d2016. 215 $a1 online resource (xvii, 172 pages) $cdigital, PDF file(s) 300 $aTitle from publisher's bibliographic system (viewed on 05 Jul 2018). 311 $a1-78330-082-5 311 $a1-78330-150-3 327 $gIntroduction /$rSarah McNicol --$gPART 1.$tTHEORIES OF CRITICAL LITERACY.$g1.$tRenegotiating the place of fiction in libraries through critical literacy /$rSarah McNicol --$g2.$tDeath of the Author(ity): Repositioning students as constructors of meaning in information literacy instruction /$rJessica Critten --$g3.$tReading health education comics critically, challenging power relationships /$rSarah McNicol --$g4.$tReframing librarian approaches to international student information literacy through the lens of New Literacy Studies /$rAlison Hicks --$g5.$tUsing new literacies to discuss disability in the library /$rJ.J. Pionke --$g6.$t"Anyone can cook": critical literacy in the workplace /$rAndrew Whitworth --$g7.$tSocial justice, adult learning and critical literacy /$rJennifer Lau-Bond. 327 $gPART 2.$tCRITICAL LITERACY IN PRACTICE.$g8.$tA Picture is Worth a Thousand Words: Teaching Media Literacy /$rMichael Cherry --$g9.$tCurricular and extra-curricular opportunities to engage school students in critical literacy in England /$rRebecca Jones --$g10.$tNew media and critical literacy in secondary schools /$rJoel Crowley --$g11.$tCritical literacy and academic honesty: a school librarian's role and contribution /$rAnthony Tilke --$g12.$tEngaging Undergraduate Communications Students in critical information literacy /$rRachel Elizabeth Scott --$g13.$tExploring pedagogical implications of students' search mediation experiences though the lens of critical information literacy /$rSarah Clark --$g14.$tDiffusing critical web literacy in a teacher education setting: initial reflections and future planning /$rEvangelia Bougatzeli and Efi Papadimitriou. 330 $aThis edited collection explores critical literacy theory and provides practical guidance to how it can be taught and applied in libraries. Critical literacy asks fundamental questions about our understanding of knowledge. Unlike more conventional approaches to literacy and resource evaluation, with critical literacy there is no single ?correct' way to read and respond to a text or resource. A commitment to equity and social justice sets critical literacy apart from many other types of literacy and links it to wider societal debates, such as internationalization, community cohesion and responses to disability. The book provides a foundation of critical literacy theory, as applied to libraries; combines theory and practice to explore critical literacy in relation to different user groups, and offers practical ways to introduce critical literacy approaches in libraries. 606 $aCritical pedagogy 606 $aLiteracy$xStudy and teaching 606 $aInformation literacy$xStudy and teaching 606 $aPublic services (Libraries) 606 $aLibraries 615 0$aCritical pedagogy. 615 0$aLiteracy$xStudy and teaching. 615 0$aInformation literacy$xStudy and teaching. 615 0$aPublic services (Libraries) 615 0$aLibraries. 676 $a028.7 702 $aMcNicol$b Sarah 801 0$bUkCbUP 801 1$bUkCbUP 906 $aBOOK 912 $a9910493697803321 996 $aCritical literacy for information professionals$91475126 997 $aUNINA LEADER 03658nam 2200697 450 001 9910788820303321 005 20230807210931.0 010 $a3-11-039090-6 010 $a3-11-026889-2 024 7 $a10.1515/9783110268898 035 $a(CKB)3360000000514892 035 $a(EBL)1663180 035 $a(SSID)ssj0001530691 035 $a(PQKBManifestationID)12559968 035 $a(PQKBTitleCode)TC0001530691 035 $a(PQKBWorkID)11529905 035 $a(PQKB)10446789 035 $a(MiAaPQ)EBC1663180 035 $a(DE-B1597)173732 035 $a(OCoLC)921228113 035 $a(OCoLC)979970990 035 $a(DE-B1597)9783110268898 035 $a(Au-PeEL)EBL1663180 035 $a(CaPaEBR)ebr11087965 035 $a(CaONFJC)MIL821097 035 $a(EXLCZ)993360000000514892 100 $a20150820h20152015 uy 0 101 0 $aeng 135 $aur|n|---||||| 181 $ctxt 182 $cc 183 $acr 200 00$aGlobal affine differential geometry of hypersurfaces /$fAn-Min Li [and three others] 205 $aSecond revised and extended edition. 210 1$aBerlin, [Germany] ;$aBoston, [Massachusetts] :$cDe Gruyter,$d2015. 210 4$d©2015 215 $a1 online resource (378 p.) 225 1 $aDe Gruyter Expositions in Mathematics,$x0938-6572 ;$vVolume 11 300 $aDescription based upon print version of record. 311 $a3-11-026667-9 320 $aIncludes bibliographical references and index. 327 $tFrontmatter -- $tContents -- $tIntroduction -- $t1. Preliminaries and basic structural aspects -- $t2. Local equiaffine hypersurface theory -- $t3. Affine hyperspheres -- $t4. Rigidity and uniqueness theorems -- $t5. Variational problems and affine maximal surfaces -- $t6. Hypersurfaces with constant affine Gauß-Kronecker curvature -- $t7. Geometric inequalities -- $tA. Basic concepts from differential geometry -- $tB. Laplacian comparison theorem -- $tBibliography -- $tIndex -- $tBackmatter 330 $aThis book draws a colorful and widespread picture of global affine hypersurface theory up to the most recent state. Moreover, the recent development revealed that affine differential geometry - as differential geometry in general - has an exciting intersection area with other fields of interest, like partial differential equations, global analysis, convex geometry and Riemann surfaces.The second edition of this monograph leads the reader from introductory concepts to recent research. Since the publication of the first edition in 1993 there appeared important new contributions, like the solutions of two different affine Bernstein conjectures, due to Chern and Calabi, respectively. Moreover, a large subclass of hyperbolic affine spheres were classified in recent years, namely the locally strongly convex Blaschke hypersurfaces that have parallel cubic form with respect to the Levi-Civita connection of the Blaschke metric. The authors of this book present such results and new methods of proof. 410 0$aDe Gruyter expositions in mathematics ;$vVolume 11. 606 $aGlobal differential geometry 606 $aHypersurfaces 610 $aAffine differential geometry. 610 $aGlobal differential geometry. 610 $aHypersurfaces. 615 0$aGlobal differential geometry. 615 0$aHypersurfaces. 676 $a516.3/62 700 $aLi$b An-Min, $0726115 702 $aLi$b Anmin 801 0$bMiAaPQ 801 1$bMiAaPQ 801 2$bMiAaPQ 906 $aBOOK 912 $a9910788820303321 996 $aGlobal affine differential geometry of hypersurfaces$93764866 997 $aUNINA